000 00796nam a2200253 a 4500
001 BRL_860
005 20190320210928.0
008 211013s1982----mx-#######---#000-0#spa-#
020 _a9688002666
041 _aspa
044 _amx
050 4 _aF1973
_b.H67 1982
100 1 _aHostos, Eugenio María de
_d1839-1903
_925157
245 1 0 _aEugenio María de Hostos
_btextos
_cprólogo, selección y notas de José Luis González.
260 _aMéxico
_bSEP/UNAM
_c1982
300 _a285 p.
_c21 cm.
440 0 _aClásicos Americanos
_v16
_925158
500 _aAu957
651 4 _aPuerto Rico
_xPolíticos y gobernantes
_yHasta 1898
_925159
651 4 _aAmérica Latina
_xPolíticos y gobernantes
_ySiglo XIX
_925160
700 1 _aGonzález, José Luis
_925161
902 _aGRL
942 _2lcc
_cB
999 _c9672
_d9672